Каталог антикварных книг. № 11: Каталог большой коллекции вновь приобретенных старинных, новых и новейших русских и иностранных, замечательных изданий по всем стилям и по всем предметам архитектуры, строительного искусства, технического черчения, орнаментации, декоративной живописи, мебельного, обойного и столярного дела, художественной промышленности и ремесел и книг с рисунками художественных вещей всякого рода, продающихся... в книжном и эстампном магазине Э.К. Гартье под ф (Запись № 5636375)

Подробности
000 -МАРКЕР
контрольное поле 01775nam2a22002651 4500
001 - ИДЕНТИФИКАТОР ЗАПИСИ
контрольное поле v19\rc\1525410
005 - ИДЕНТИФИКАТОР ВЕРСИИ
контрольное поле 20260405134611.0
035 ## - ДРУГИЕ СИСТЕМНЫЕ НОМЕРА
Идентификатор записи (NLR Aleph) 005234136
100 ## - ДАННЫЕ ОБЩЕЙ ОБРАБОТКИ
Данные общей обработки 20060620d1895 |||y0rusy50 ca
101 0# - ЯЗЫК РЕСУРСА
Язык текста, звукозаписи и т.д. русский
102 ## - СТРАНА ПУБЛИКАЦИИ ИЛИ ПРОИЗВОДСТВА
Страна публикации Российская Федерация
105 ## - ПОЛЕ КОДИРОВАННЫХ ДАННЫХ: ТЕКСТОВЫЕ МАТЕРИАЛЫ, МОНОГРАФИЧЕСКИЕ
Кодированные данные о монографическом текстовом документе y b| |||||
200 1# - ЗАГЛАВИЕ И СВЕДЕНИЯ ОБ ОТВЕТСТВЕННОСТИ
Основное заглавие Каталог большой коллекции вновь приобретенных старинных, новых и новейших русских и иностранных, замечательных изданий по всем стилям и по всем предметам архитектуры, строительного искусства, технического черчения, орнаментации, декоративной живописи, мебельного, обойного и столярного дела, художественной промышленности и ремесел и книг с рисунками художественных вещей всякого рода, продающихся... в книжном и эстампном магазине Э.К. Гартье под ф
210 ## - ПУБЛИКАЦИЯ, РАСПРОСТРАНЕНИЕ И ДР.
Дата издания, распространения и т.д. 1895
Место издания, распространения и т.д. Б. м.
215 ## - ФИЗИЧЕСКАЯ ХАРАКТЕРИСТИКА
Специфическое обозначение материала и объем [2], 18 с.
461 #0 - УРОВЕНЬ НАБОРА
Встроенное поле 001v19\rc\1525404
-- 2001#$aКаталог антикварных книг$v№ 11
Системный номер (АБИС) связанной записи 3369320
Автор "Посредник", книжная торговля (Петербург)
Место публикации С.-Петербург
Дата публикации 1886-1895
Заглавие Каталог антикварных книг
Номер тома № 11
702 #1 - ИМЯ ЛИЦА - ВТОРИЧНАЯ ОТВЕТСТВЕННОСТЬ
Код отношения Прочие
Материалы, к которым относится поле rus
Графика поля Кириллица
Начальный элемент ввода Гартье
Часть имени, кроме начального элемента ввода Э. К.
Даты 1849-1911
Расширение инициалов личного имени Эмиль К.
Идентификатор авторитетной/нормативной записи RU\NLR\AUTH\7755084
Системный номер авторитетной/нормативной записи 38016
801 #2 - ИСТОЧНИК ЗАПИСИ
Страна Российская Федерация
Организация NLR
Дата составления 20070823
Источник данных rusmarc
801 #0 - ИСТОЧНИК ЗАПИСИ
Страна Российская Федерация
Организация NLR
Правила каталогизации psbo
801 #0 - ИСТОЧНИК ЗАПИСИ
Страна Российская Федерация
Организация RuMoRGB
Источник данных psbo
801 #1 - ИСТОЧНИК ЗАПИСИ
Страна Российская Федерация
Организация ProSoft-M
Источник данных rusmarc
852 ## - МЕСТОНАХОЖДЕНИЕ И ШИФР ХРАНЕНИЯ
Идентификатор организации NLR
Шифр хранения (Call Number) 671/П-62
942 ## - ДОПОЛНИТЕЛЬНЫЕ ЭЛЕМЕНТЫ ЗАПИСИ (АБИС)
Тип экземпляра АБИС Книга
980 ## - КОЛЛЕКЦИЯ
Название коллекции Национальная библиография
Экземпляры
Тип экземпляра Дата поступления Библиотека постоянного хранения Библиотека текущего хранения Место хранения Шифр хранения Штрих-код Статус экземпляра
Книга 26.10.2013 РНБ (Московский) РНБ (Московский) Центральная справочная библиотека 671/П-61 5234136-10